000 00837nam a22002297a 4500
999 _c65904
_d65904
005 20240530110849.0
008 200912s2019 ua a f b 000 0dara d
017 _a2018/22571
_bمصر. دار الكتب
020 _a9789777801416
040 _aEG-CaGPL
_cEG-CaGPL
082 0 4 _221
_a746.92\
_bن م
100 0 _aنجوى شكرى محمد مؤمن
245 1 0 _aمن وحى البحر :
_bتحليل وتوصيف مجموعة تصاميمات /
_cتاليف نجوى شكرى محمد مؤمن
250 _aط.1
260 _aالقاهرة :
_bعالم الكتب،
_c2019
300 _a116 ص. ؛
_c24 سم.
504 _aيشتمل على ارجاعات ببليوجرافية
650 0 7 _aتصميم الازياء
_2qrmak
651 _2qrmak
942 _2ddc
_cBK